Get the Picture: Britney Spears or Lady Gaga? Quiz Stats

 Plays Quiz Updated Jul 14, 2019

Score 0/16 Timer 03:00
0 Plays Today
Question Answer Wrong Answers
Oops!... I Did It Again Britney Spears
95.6%
Lady Gaga
1.6%
...Baby One More Time Britney Spears
95.5%
Lady Gaga
1.5%
Poker Face Lady Gaga
95.2%
Britney Spears
1.9%
Born This Way Lady Gaga
93.6%
Britney Spears
3.4%
Bad Romance Lady Gaga
93.6%
Britney Spears
3.4%
Paparazzi Lady Gaga
91.2%
Britney Spears
6%
Toxic Britney Spears
91.2%
Lady Gaga
5.6%
Just Dance Lady Gaga
86.8%
Britney Spears
10.1%
Womanizer Britney Spears
85.4%
Lady Gaga
11.6%
Applause Lady Gaga
83.9%
Britney Spears
12.9%
Shallow Lady Gaga
81.1%
Britney Spears
15.9%
Everytime Britney Spears
79.1%
Lady Gaga
17.7%
Hold It Against Me Britney Spears
78%
Lady Gaga
18.9%
Circus Britney Spears
77.3%
Lady Gaga
19.7%
Work Bitch Britney Spears
75.4%
Lady Gaga
21.4%
Million Reasons Lady Gaga
74.9%
Britney Spears
22%

Today's Daily Dose

Word Ladder
Lean on Me

Get the Picture
Superhero by Villain

You're not logged in!

Compare scores with friends on all Sporcle quizzes.
OR
Log In

Sporcle TV

Today on Sporcle TV


Watch our educational content, quiz creation guides, and fun videos on Sporcle TV.

Show Comments

Extras

Top Quizzes Today


Score Distribution

Your Account Isn't Verified!

In order to create a playlist on Sporcle, you need to verify the email address you used during registration. Go to your Sporcle Settings to finish the process.

Report this User

Report this user for behavior that violates our Community Guidelines.

Details: